[Event "Olympiad-33"]
[Site "Elista"]
[Date "1998.10.09"]
[Round "10.1"]
[White "Alterman, Boris"]
[Black "Timman, Jan H"]
[Result "0-1"]
[WhiteElo "2600"]
[BlackElo "2655"]
[Annotator "Tisdall,J"]
[PlyCount "88"]
[EventDate "1998.09.29"]
[EventType "team-swiss"]
[EventRounds "13"]
[EventCountry "RUS"]
[SourceTitle "CBM 068"]
[Source "ChessBase"]
[SourceDate "1999.02.01"]
[SourceVersion "1"]
[SourceVersionDate "1999.02.01"]
[SourceQuality "1"]
[WhiteTeam "Israel"]
[BlackTeam "Netherlands"]
[WhiteTeamCountry "ISR"]
[BlackTeamCountry "NED"]

1. d4 {Hecht} Nf6 2. c4 e6 3. Nc3 Bb4 4. Nf3 c5 5. g3 O-O 6. Bg2 cxd4 7. Nxd4
d5 8. cxd5 Nxd5 9. Qb3 Qa5 (9... Qb6 {has a reputation for being an
unambitious, minimalistic variation but...} 10. Bxd5 exd5 11. Be3 Nc6 (11...
Bxc3+ $5 {may well revive interest in this line for black:} 12. Qxc3 Qg6 13.
O-O Nc6 14. Rfc1 Bh3 15. Qc2 Nxd4 16. Bxd4 Qe6 17. f3 Rfe8 18. Kf2 Qh6 19. Qd3
Re7 20. Rc2 Rae8 21. Re1 Qh5 22. Kg1 Bf5 {0-1 Kasparov,G-Kramnik,V/g/5 Match,
Moscow RUS 1998 (22)}) 12. Rd1 Qa5 13. O-O Bh3 14. Rfe1 Rfd8 (14... Rac8 15.
Rc1 Ne5 16. Ndb5 Be6 17. Nd4 Nc4 18. a3 Bxc3 19. Qxc3 Qxc3 20. Rxc3 Nxb2 21.
Rb3 Nc4 22. Rxb7 a5 23. Bf4 Rfe8 24. a4 h6 25. h4 Red8 26. f3 Bd7 27. Ra1 Bc6
28. Ra7 Kf8 29. Kf2 {Beliavsky,A-Timman,J/Belgrade Invest 1995/CBM 51/[Baburin]
/1-0 (69)}) 15. Rc1 Rac8 16. a3 Bxc3 17. Rxc3 Nxd4 18. Bxd4 Rc4 19. Rd1 Qa4 (
19... b5 $142) 20. Qxa4 Rxa4 21. Rc7 Rc8 $2 (21... b6 $142 {[%csl Ra4,Ra7,Rb6]
though black's position is unpleasant due to his paralyzed queenside.}) 22.
Rxc8+ Bxc8 23. Bxa7 $1 $16 {1-0 Nielsen,P-Akesson,R/Asker 1997/CBM 62/[Tisdall]
(41)}) 10. Bd2 Nc6 (10... Na6 11. O-O Nxc3 (11... Nc5 12. Qc2 $14 {Beliavsky.})
12. Bxc3 Bxc3 13. Qxc3 Qxc3 14. bxc3 Nc5 15. Nb3 Na4 16. c4 Rb8 17. c5 e5 18.
Rfc1 Be6 19. Na5 $16 {Zvjaginsev,V-Podgaets,M/Moscow/1992/1:0/59/}) 11. Nxc6 (
11. Nc2 $6 Bxc3 12. bxc3 Qc7 13. Qa3 Ne5 14. Bxd5 exd5 15. Bf4 f6 16. O-O Qf7
17. Ne3 $2 Bh3 18. Rfd1 g5 $1 $17 {Beliavsky,A-Ivanchuk,V/Belgrade/1995/0:1/29/
}) (11. e3 Qa6 12. Nxc6 bxc6 13. Bxd5 $1 Bxc3 14. Bc4 Bxd2+ 15. Kxd2 Qa5+ 16.
Ke2 Qh5+ 17. f3 e5 18. e4 $10 {Zvjaginsev,V-Lujbojevic,L/Pamplona/1995/0,5/37/}
) 11... bxc6 12. O-O Bxc3 13. bxc3 (13. Bxc3 $5 Nxc3 14. bxc3 Ba6 15. Qb4 $1
$14 Qe5 (15... Qc7 $6 16. c4 Rad8 17. Qa4 Bc8 18. Bxc6 Rd6 19. Bf3 Bd7 20. Qa3
Bc6 21. c5 $18 {Rogozenko-Reeh/Hamburg/96.}) 16. Rfe1 Rab8 17. Qa3 Qb5 $2 {
Rogozenko-Blauert/Deutschland/96.} (17... Rb6 18. Rad1 $14) 18. Be4 $1 $16)
13... Ba6 14. Rfd1 Rab8 (14... Qc5 $5 15. e4 Bc4 16. Qa4 Nb6 17. Qb4 Qxb4 18.
cxb4 Rad8 $6 (18... Rfd8 19. Be3 Bb5 (19... e5 20. Rxd8+ Rxd8 21. Bf1 Bb5 22.
Rc1 f6 23. Bxb5 cxb5 24. Rc7 Nc4 25. Bxa7 Rd1+ 26. Kg2 Ra1 27. Bc5 Rxa2 28. Rb7
Nd2 29. Rxb5 Nxe4 30. Be3 Rb2 31. Rb8+ Kf7 32. Rb7+ Kg6 33. g4 h5 34. gxh5+
Kxh5 35. Rxg7 Rxb4 {1/2-1/2 Wells,P-Lalic,B/Szeged 1997/CBM 62 (35)}) 20. Rxd8+
$6 (20. f4 $5) (20. Bc5 $14) 20... Rxd8 21. Bxb6 axb6 22. a4 Ra8 23. a5 $10 {
Fish-Shipov/Yalta/96.}) 19. Be3 $16 {1-0 Volzhin,A-Epishin,V/Elista 1996/CBM
56/[Rogozenko] (54)}) 15. c4 Qc5 16. cxd5 Rxb3 17. axb3 Bxe2 18. Rdc1 $2 {
This has a bad reputation and this game does nothing to change it - a curious
case of preparation.} (18. Re1 $1 {is supposed to be best.} cxd5 (18... Bb5 19.
dxc6 $16 {has been the standard assessment. This position is critical for the
assessment of this variation. White's c-pawn looks extremely dangerous.}) 19.
Rxe2 Qb6 20. b4 Rc8 21. Be1 h6 22. Rea2 Rc7 23. Bf1 Qd4 24. b5 Qc5 25. Bd2 e5
26. Rc1 Qe7 27. Rc6 Rd7 28. Ra4 d4 29. Bb4 Qe8 30. Bh3 Rd8 31. Rxa7 d3 32. Rac7
g6 33. b6 e4 34. Rc8 Kh7 35. Bd2 Rxc8 36. Rxc8 Qb5 37. Bc3 g5 38. b7 d2 39.
Bxd2 Qb1+ 40. Rc1 Qxb7 41. Bf5+ Kg7 42. Be3 f6 43. Re1 {1-0 Nielsen,P-Savon,V/
Pardubice 1995/EXT 95op (43)}) 18... Qd6 19. Rxc6 (19. Be3 cxd5 20. Bc5 Qb8 21.
Bxf8 Kxf8 22. Rc2 Bb5 23. Rca2 a6 24. Bf1 Bxf1 25. Kxf1 Qxb3 26. Rxa6 g5 {
0-1 Nielsen,P-Emms,J/Copenhagen 1995/CBM 46 (50)}) (19. Bf4 {looks more
tempting but it is hard to transform the d-pawn into a threatening force:} e5
20. Rxc6 Qb8 21. Be3 Qxb3 22. Bxa7 Bf3 $1 $17 (22... Ra8 23. d6 Bf3 24. Bxf3
Qxf3 25. Rc7 $36)) 19... Qd7 20. Bf4 exd5 21. Rd6 Qb5 22. Bxd5 a6 23. h4 h6 24.
Rc1 Qb4 25. Kh2 Bh5 26. Bg2 $6 {This leads more or less by force, to a grim
position.} (26. Rxa6 $2 Qd4 27. Bg2 Qxf2 $17) (26. Rc7 $5 $132 {looks like a
more entertaining try.} Qe1 27. Be3 Re8 28. Rdd7 Rxe3 29. fxe3 Qe2+ 30. Kh1 $11
) 26... Qxb3 27. Rxa6 Bf3 28. Bxf3 Qxf3 29. Be3 Kh7 {[%csl Rf2,Rg2,Rh1,Rh2,Rh3]
Creating very unpleasant attacking ideas.} 30. Ra4 (30. Rc2 $5) 30... g5 {
A move of psychological strength, but the crisis it provokes is not
necessarily good for black. However, allowing the eviction of the queen with
Rf4 would increase white's chances of a normal defence.} 31. Rc3 (31. Rc7 $5)
31... Rd8 (31... Rb8 $5) 32. Rd4 $2 (32. Ra6 $3 {was the last chance to get
cheap and nasty, as your friendly analysis engine will verify. After this
unexpected trick, it is difficult to see how black can demonstrate any
advantage.} Rd1 (32... f6 33. Bd4 $1 {and black's king position is too breezy
to sustain winning chances.}) 33. Rxh6+ $1 Kg8 34. Rh8+ $1 Kxh8 35. Bd4+ Rxd4
36. Rxf3 {is the idea.}) 32... Rxd4 33. Bxd4 Qe4 {Hecht: '[#] Da Stützpunkte
fehlen, gelingt Weiß keine Auffangstellung zum Remis. '} 34. Bf6 (34. Be3 {
Hecht} gxh4 35. Rc1 (35. gxh4 Qe5+) 35... hxg3+ 36. Kxg3 h5 {und es ist nicht
erkennbar, wie Weiß unter Opfer des Läufers gegen den f-Bauern die
Remisstellung mit dem Turm auf der 3. Reihe (g3/h3) erreichen kann.}) 34... Qf5
$19 35. hxg5 Qxf2+ 36. Kh3 Kg6 37. Bd8 Qf1+ $1 38. Kh2 Qe2+ 39. Kh3 Qh5+ 40.
Kg2 Qe2+ 41. Kh3 hxg5 {[%csl Rd8,Rh1,Rh3][%cal Ge2d1]} 42. g4 Qd1 43. Rc6+ (43.
Bc7 {Hecht} Qh1+ 44. Bh2 (44. Kg3 Qe1+) 44... Qf1+ 45. Kg3 Qe1+ $19) 43... Kh7
44. Rf6 Kg7 (44... Kg7 45. Be7 Qd3+ 46. Kg2 Qe2+) 0-1

[Event "Ciocaltea Memorial"]
[Site "Bucharest"]
[Date "1998.??.??"]
[Round "3"]
[White "Florean, Andrei"]
[Black "Kiselev, Sergey"]
[Result "1-0"]
[WhiteElo "2455"]
[BlackElo "2510"]
[Annotator "Tisdall,J"]
[PlyCount "123"]
[EventDate "1998.02.??"]
[EventType "tourn"]
[EventRounds "13"]
[EventCountry "ROU"]
[EventCategory "11"]
[SourceTitle "CBM 064"]
[Source "ChessBase"]
[SourceDate "1998.06.02"]
[SourceVersion "1"]
[SourceVersionDate "1998.06.02"]
[SourceQuality "1"]

1. d4 Nf6 2. c4 e6 3. Nc3 Bb4 4. Nf3 c5 5. g3 Ne4 6. Qd3 Qa5 7. Qxe4 Bxc3+ 8.
Bd2 Bxd2+ 9. Nxd2 O-O 10. dxc5 Qxc5 $6 (10... Na6 $142 11. Bg2 Nxc5 12. Qc2 d6
13. O-O Bd7 14. a3 Qc7 15. b4 Ba4 16. Qb2 Nd7 $11 {0-1 Mayer,J-Kaunas,K/
Bischwiller op 1993/EXT 93op (62)}) 11. Bg2 d6 (11... Nc6 12. O-O f5 13. Qd3
Qe7 14. f4 d6 15. e4 e5 16. Rae1 Be6 17. Bh3 fxe4 18. Bxe6+ Qxe6 19. Qxe4 Rad8
20. Nf3 Qf5 21. Qd5+ Kh8 22. Ng5 Nd4 23. Ne4 Qf7 24. Qxf7 Rxf7 25. Ng5 Re7 26.
fxe5 Rde8 27. Nf7+ Kg8 28. Nxd6 Rf8 29. Rxf8+ Kxf8 30. Kf2 Nc6 31. e6 Nd4 32.
Nc8 Rc7 33. e7+ {1-0 Furman,B-Shanshaadorsh/Russian Winter op 1991/TD 91\03})
12. O-O Nd7 13. Rfd1 Rd8 $2 (13... Nf6 $14) 14. Qh4 $1 {[%csl Rd6,Rd8,Ge4]} Rf8
(14... Qb6 15. Ne4 f6 16. Rxd6 Qxb2 17. Rad1 $18) 15. Ne4 Qe5 (15... Qxc4 $4
16. Nf6+) 16. Rd2 d5 17. cxd5 exd5 18. Nc3 {[%csl Rd5]} Nf6 19. Nxd5 Nxd5 20.
Bxd5 Be6 21. Qe4 Qxe4 22. Bxe4 Rad8 23. Rad1 Rxd2 24. Rxd2 g6 25. a3 b6 26. f4
Rc8 27. Rc2 Rd8 28. Bd3 Rd7 29. Rc8+ Kg7 30. Ra8 Kf6 31. Kf2 h6 32. Ke3 Bg4 33.
b4 Be6 34. Bb5 Rc7 35. Kd4 Kf5 36. h3 h5 37. e4+ Kf6 38. h4 Bc8 39. Bc4 Ke7 40.
Bd5 Bd7 41. Ke5 Bc8 42. f5 f6+ 43. Kf4 gxf5 44. exf5 Bd7 45. g4 hxg4 46. h5 Kd6
47. h6 Bxf5 48. Kxf5 Kxd5 49. Rd8+ Kc4 50. Kxg4 a5 51. bxa5 f5+ 52. Kxf5 bxa5
53. Kf6 Kb3 54. Rd3+ Ka4 55. Rh3 Rc6+ 56. Kg5 Rc5+ 57. Kf4 Rc4+ 58. Ke5 Rc5+
59. Kd6 Rc8 60. h7 Rh8 61. Kc7 Kb5 62. Rh4 {/\ Kg7} 1-0

[Event "Asker 75th"]
[Site "Asker"]
[Date "1997.11.25"]
[Round "4"]
[White "Nielsen, Peter Heine"]
[Black "Akesson, Ralf"]
[Result "1-0"]
[WhiteElo "2515"]
[BlackElo "2520"]
[Annotator "Tisdall,J"]
[PlyCount "81"]
[EventDate "1997.11.22"]
[EventType "tourn"]
[EventRounds "9"]
[EventCountry "NOR"]
[EventCategory "10"]
[SourceTitle "CBM 062"]
[Source "ChessBase"]
[SourceDate "1998.01.31"]
[SourceVersion "1"]
[SourceVersionDate "1998.01.31"]
[SourceQuality "1"]

1. d4 Nf6 2. c4 e6 3. Nc3 Bb4 4. Nf3 c5 5. g3 cxd4 6. Nxd4 O-O 7. Bg2 d5 8.
cxd5 Nxd5 9. Qb3 Qb6 10. Bxd5 exd5 11. Be3 Nc6 12. Rd1 Qa5 13. O-O Bh3 14. Rfe1
Rfd8 (14... Rac8 15. Rc1 Ne5 16. Ndb5 Be6 17. Nd4 Nc4 18. a3 Bxc3 19. Qxc3 Qxc3
20. Rxc3 Nxb2 21. Rb3 Nc4 22. Rxb7 a5 23. Bf4 Rfe8 24. a4 h6 25. h4 Red8 26. f3
Bd7 27. Ra1 Bc6 28. Ra7 Kf8 29. Kf2 {Beliavsky,A-Timman,J/Belgrade Invest 1995/
CBM 51/[Baburin]/1-0 (69)}) 15. Rc1 Rac8 16. a3 Bxc3 17. Rxc3 Nxd4 18. Bxd4 Rc4
19. Rd1 Qa4 (19... b5 $142) 20. Qxa4 Rxa4 21. Rc7 Rc8 $2 (21... b6 $142 {
[%csl Ra4,Ra7,Rb6] though black's position is unpleasant due to his paralyzed
queenside.}) 22. Rxc8+ Bxc8 23. Bxa7 $1 $16 Be6 (23... Rxa7 24. Rxd5 {[%csl
Rc8,Rd8]}) 24. Bd4 h5 25. f3 Rc4 26. Kf2 Bd7 27. Bc3 Bc6 28. Rd3 f6 29. Ke3 Ra4
30. Kd2 Kf7 31. Bb4 Ra8 32. b3 Re8 33. a4 Re6 34. Rd4 g5 35. Bc5 Re8 36. Rd3
Kg6 37. Re3 Rxe3 38. Bxe3 Kf5 39. Kc3 g4 40. Bd4 Ke6 41. Kb4 {Resignation is
premature but the ending is wretched. Black must constantly guard against the
disruptive advance of the a-pawn, and his d, f and h-pawns will also be
vulnerable.} (41. Kb4 f5 42. Kc5 Kd7 43. Kb6 Kc8 44. a5 Kb8 (44... Bd7 45. f4 (
45. Be5 Be6 46. b4 gxf3 47. exf3 d4 48. Bxd4 Bd5 49. f4 {and black has held
the queenside now that he has a long diagonal.}) 45... Kb8 46. b4 Be6 47. e3 {
and black cannot mind the queenside and prevent white's king from strolling
into the rest of his position.}) 45. a6 {and black is completely paralyzed,
and will soon be forced to relinquish b7 due to zugzwang.}) 1-0

[Event "Sigeman & Co 06th"]
[Site "Malmo"]
[Date "1998.06.11"]
[Round "3"]
[White "Miladinovic, Igor"]
[Black "Lautier, Joel"]
[Result "1-0"]
[WhiteElo "2565"]
[BlackElo "2645"]
[Annotator "Tisdall,J"]
[PlyCount "135"]
[EventDate "1998.06.09"]
[EventType "tourn"]
[EventRounds "9"]
[EventCountry "SWE"]
[EventCategory "13"]
[SourceTitle "CBM 066"]
[Source "ChessBase"]
[SourceDate "1998.09.30"]
[SourceVersion "1"]
[SourceVersionDate "1998.09.30"]
[SourceQuality "1"]

1. d4 {Hecht} Nf6 2. c4 e6 3. Nc3 Bb4 4. g3 c5 5. Nf3 cxd4 6. Nxd4 O-O 7. Bg2
d5 8. cxd5 Nxd5 9. Bd2 Nxc3 10. bxc3 Be7 11. O-O Nd7 12. a4 $5 $146 (12. Rb1
Nb6 13. Bf4 Nd5 14. Bxd5 Qxd5 15. Nb5 Qc6 16. e4 b6 17. Nc7 g5 18. Nxa8 gxf4
19. Nxb6 axb6 20. Qg4+ Kh8 21. Qxf4 Bb7 22. Rfe1 f5 23. Qe5+ Kg8 24. Qb5 Bc5
25. Qxc6 Bxc6 26. exf5 Rxf5 27. Rb2 Kf7 28. Rd1 Rf3 29. Rc1 e5 30. Kf1 Ke6 31.
Ke1 h5 32. Re2 Kf5 33. h3 h4 34. gxh4 Rxh3 35. Kd2 Bf3 36. Ree1 Rxh4 37. Rg1
Rh2 38. Rcf1 Bg2 {0-1 Miladinovic,I-Shipov,S/Thessaloniki 1996/EXP 55 (38)})
12... a6 $1 (12... Nb6 13. Qb3 e5 14. a5 $5 $14) 13. Be3 Qc7 (13... Nb6 14. Qb3
$14) 14. Qb1 Bc5 15. Qb3 Rb8 {Black slowly and steadily unravels his queenside,
leaving white to seek new targets.} 16. Rfd1 e5 17. Nc2 b6 18. Qd5 $5 Nf6 (
18... Bxe3 19. Nxe3 Qxc3 20. Rac1 {[%csl Rc8,Rd7]}) 19. Qc4 Bf5 (19... Be6 20.
Qxa6 Bxe3 21. Nxe3 Qxc3 22. Rac1 $14) 20. Nb4 Be6 21. Nd5 (21. Nxa6 Bxc4 22.
Nxc7 Bxe3 23. fxe3 Rfc8 $15) 21... Bxd5 22. Bxd5 Rbc8 23. Bxc5 Qxc5 24. Qxc5
Rxc5 25. Bb7 Rxc3 $6 (25... a5 26. Rd6 $14 {[%csl Ra5,Rb6]} (26. Rab1 Rc4 $5))
26. Bxa6 Ne4 $2 27. Rdb1 $16 Rc5 (27... Rc6 28. Bb7) (27... Rb8 $5 28. a5 Rc6
29. Rxb6 (29. Bd3 Nc3 30. Rxb6 Rcxb6 31. axb6 g6 32. Ra3 Nd5 33. Ra5 Nxb6 34.
Rxe5 $16) 29... Rcxb6 30. axb6 Rxb6 31. Bd3 (31. Bb7 f5 32. Bxe4 fxe4 33. Ra5
$16) 31... f5 32. Ra5 $18) 28. Rxb6 Ra5 29. Bd3 Nc5 30. Bb5 g6 31. Rc6 Nb3 32.
Rb1 Nd4 33. Ra6 Rxa6 34. Bxa6 Ra8 35. Bb5 Kf8 36. e3 Ne6 37. Bc6 Ra6 38. Rb8+
Kg7 39. Rc8 Kf6 40. Kf1 Ke7 41. Ke2 Kd6 42. Bb5 Ra7 43. Kd3 Nc7 44. Kc4 Nxb5
45. axb5 {[#] Hecht: Hier steht der weiße König schon bereit zur Unterstützung
des Freribauern. Das ist eine Situation, wie sie sich sonst erst nach Aufgabe
eines Königsflügelbauern ergibt.} Ra2 46. Kb3 (46. Rc6+ $2 {Hecht} Kd7 47. Rf6
Ke7) 46... Ra5 (46... Rxf2 $2 47. b6 Rf1 48. Kc2 Rf2+ 49. Kc3 $18 Rf1 {Hecht}
50. b7 $18) 47. Kb4 Ra2 48. b6 Rb2+ (48... Rxf2 {Hecht} 49. Kc3 $18) 49. Ka5
Ra2+ 50. Kb5 Rb2+ 51. Ka6 Ra2+ 52. Kb7 Rxf2 53. Rc6+ Kd7 54. Rc7+ Ke6 55. h3 {
Hecht:Rettet den Bauern und bereitet eine Gewinnführung vor, wie sie bei dem
Materialverhältnis T+Bauer vs Turm üblich ist, nämlich den "Brückenbau".} (55.
Kc8 {Hecht} Rxh2 56. b7 Rb2 57. b8=Q Rxb8+ 58. Kxb8 h5 (58... e4 59. Kb7 h5 60.
Kc6 g5 61. Kc5 $18) 59. e4 $18 {gewinnt auf andere Art und Weise.}) 55... Rb2 (
55... Rf3 56. Rc3 Kd7 (56... Rxg3 57. Kc7 Rg1 58. Rb3 $18) 57. Rd3+ Ke6 (57...
Ke7 58. Kc7 Rf1 59. Rd7+ Ke8 60. b7 Rc1+ 61. Kd6 Rb1 62. Rc7) 58. Kc7 Rf1 59.
Rd6+ $18) 56. Rc3 Kd7 57. Ka7 Ra2+ 58. Kb8 f5 59. b7 e4 60. Rc7+ Kd8 61. Rc5
Kd7 62. Rd5+ Ke6 63. Rd4 Ra3 64. Kc7 Rc3+ 65. Kb6 Rb3+ 66. Kc6 g5 (66... Rc3+
67. Kb5) 67. Rd6+ Ke7 68. Rd5 1-0

[Event "ISR-ch"]
[Site "Ramat Aviv"]
[Date "1998.11.10"]
[Round "2.1"]
[White "Rabinovich, Alexander"]
[Black "Kantsler, Boris"]
[Result "0-1"]
[WhiteElo "2460"]
[BlackElo "2535"]
[Annotator "Tisdall,J"]
[PlyCount "82"]
[EventDate "1998.11.08"]
[EventType "k.o."]
[EventRounds "5"]
[EventCountry "ISR"]
[SourceTitle "CBM 068"]
[Source "ChessBase"]
[SourceDate "1999.02.01"]
[SourceVersion "1"]
[SourceVersionDate "1999.02.01"]
[SourceQuality "1"]

1. d4 Nf6 2. c4 e6 3. Nc3 Bb4 4. f3 c5 5. d5 b5 6. e4 bxc4 $5 (6... O-O 7. a3 (
7. Nh3 bxc4 8. Bxc4 Bxc3+ 9. bxc3 Qa5 10. Qc2 d6 11. dxe6 Bxe6 12. Bxe6 fxe6
13. O-O Nc6 14. Bf4 e5 15. Bg5 Ne8 16. Qb3+ Kh8 $4 17. Qb7 {1-0 Moskalenko,
V-Morozevich,A/Moscow 1994/EXT 97 (17)}) 7... Bxc3+ 8. bxc3 bxc4 9. Bxc4 Ba6
10. Bxa6 Nxa6 11. Ne2 c4 $5 $13 {0-1 Varga,P-Lorincz,I/HUN-chT 1994/TD 94\03 
(38)}) (6... exd5 7. cxd5 Bb7 8. Nh3 Qb6 9. Be3 d6 10. Be2 Nbd7 11. O-O Bxc3
12. bxc3 O-O 13. Rb1 $16 {1-0 Watson,A-Umezinwa,G/Chicago 1990/EXT 97 (41)}) 7.
a3 (7. Bxc4 Nxd5 8. Bxd5 (8. exd5 Qh4+) 8... exd5 9. Qxd5 Nc6 10. Nge2 $14)
7... Bxc3+ 8. bxc3 d6 9. Bxc4 O-O 10. Ne2 Nxd5 $5 {This is an interesting way
to negotiate the exchange of the Bc4.} 11. Bxd5 exd5 12. Qxd5 Qb6 13. O-O (13.
Bf4 $5 {deserved attention. White should probably rush to press black's
weaknesses, especially since his king position is not in immediate danger:} Rd8
(13... Be6 14. Qxd6 Qb2 15. Kf2 Bc4 (15... Nd7 16. Rhb1 $16) 16. Qd2) 14. O-O
$14) 13... Ba6 14. Re1 Bxe2 15. Rxe2 Na6 16. Rb2 Nc7 17. Qb7 Qa5 18. Bd2 Ne6
19. f4 $2 {[%csl Re4]} (19. a4 $14 {should keep whitely clearly on top. He
dominates the b-line, which should provide a route to the seventh rank, and is
fully active while the d6 pawn remains a target.} c4) (19. c4 $5) 19... c4 $1
$132 {[%csl Rb3,Gc5,Rd3,Re4]} 20. Rb5 Qa4 21. Rab1 Qc2 $1 22. R5b2 Qd3 $36 {
Suddenly black is active and the f4 advance has created regrettable weaknesses.
} 23. e5 (23. Qd5 Nc5 24. Qxa8 (24. Rb4 Rfe8 $5 $15) (24. Qxd3 Nxd3 (24... cxd3
$5) 25. Rb7 Rfe8 $36) 24... Qxb1+ 25. Rxb1 Rxa8 {and the e4 pawn is huge
liability, and the bishop saddled with defensive tasks.}) 23... d5 24. f5 (24.
Rf1 Nc5) 24... Qxf5 25. Qxd5 Rad8 $17 {[%csl Re5] It is extremely difficult
for white to maintain his e-pawn. Add to this a passive bishop and rooks now
staring into a useless file, and black's superiority is clear.} 26. Qf3 $2 {
White should at least make it difficult for black to win material:} (26. Qb5 $5
a6 27. Qb4 Rd5 28. Rf1 Qd3 29. Rf3 {was more determined.}) (26. Qxc4 $4 Rxd2)
26... Qxe5 27. Rb5 Qd6 28. Bg5 Rd7 (28... a6 $5) 29. a4 a6 30. Ra5 Rb8 $1 {
Forcing the exchange of one of white's few sensibly posted pieces.} 31. Rxb8+
Qxb8 32. Be3 Rd6 (32... Qb1+ 33. Kf2 Qc2+ 34. Qe2 {does not accomplish
anything for black.}) 33. h3 Qd8 $1 {Black finds that the rook on a5 is
actually interfering with his plans by eyeing a6, and chases it, apparently
into play.} 34. Rf5 Rd3 $1 $19 35. Qe4 (35. Rxf7 $4 Rxe3) 35... Rxc3 36. Bf2
Rc1+ 37. Kh2 g6 38. Re5 Qb8 39. Bg3 Qa7 40. Be1 Qb8 41. Bg3 Qb1 0-1